Specification for testing machines for rubbers and plastics. Part 1. Tensile, flexural and compression machines. (Record no. 73111)
[ view plain ]
| 000 -LEADER | |
|---|---|
| fixed length control field | 00541nam a2200169Ia 4500 |
| 245 #0 - TITLE STATEMENT | |
| Title | Specification for testing machines for rubbers and plastics. Part 1. Tensile, flexural and compression machines. |
| 260 ## - PUBLICATION, DISTRIBUTION, ETC. (IMPRINT) | |
| Year of publication | 1975 |
| 500 ## - GENERAL NOTE | |
| General note | Standard number: BS 5214 Part 1 |
| 650 ## - SUBJECT ADDED ENTRY--TOPICAL TERM | |
| Topical Term | Compression machines |
| 650 ## - SUBJECT ADDED ENTRY--TOPICAL TERM | |
| Topical Term | Flexural machine |
| 650 ## - SUBJECT ADDED ENTRY--TOPICAL TERM | |
| Topical Term | Plastics testing machines |
| 650 ## - SUBJECT ADDED ENTRY--TOPICAL TERM | |
| Topical Term | Rubber testing machine |
| 650 ## - SUBJECT ADDED ENTRY--TOPICAL TERM | |
| Topical Term | Tensile machine |
| 650 ## - SUBJECT ADDED ENTRY--TOPICAL TERM | |
| Topical Term | Testing machines |
| 942 ## - ADDED ENTRY ELEMENTS (KOHA) | |
| Koha item type | Standards |
| Withdrawn status | Lost status | Damaged status | Not for loan | Collection code | Home library | Current library | Date acquired | Koha item type |
|---|---|---|---|---|---|---|---|---|
| Standards | British standards | RRII Library | RRII Library | 31/12/2021 | Standards |